| 000 -LEADER |
| fixed length control field |
01324cam a2200205 i 4500 |
| 020 ## - INTERNATIONAL STANDARD BOOK NUMBER |
| ISBN |
9781284227116 |
| 082 ## - DEWEY DECIMAL CLASSIFICATION NUMBER |
| Classification number |
613.2072 |
| Item number |
D7956 2023 |
| 100 1# - MAIN ENTRY--AUTHOR NAME |
| Personal name |
Drummond, Karen Eich, author. |
| 245 10 - TITLE STATEMENT |
| Title |
Nutrition research : concepts and applications / Karen Eich Drummond, EdD, RDN, LDN, FAND [and four others]. |
| 250 ## - EDITION STATEMENT |
| Edition statement |
Second edition. |
| 260 ## - PUBLICATION, DISTRIBUTION, ETC. (IMPRINT) |
| Place of publication |
Burlington, MA : |
| Name of publisher |
Jones & Bartlett Learning, |
| Year of publication |
©2023. |
| 300 ## - PHYSICAL DESCRIPTION |
| Number of Pages |
xxvii, 392 pages : |
| Other physical details |
illustrations ; 28 cm |
| 500 ## - GENERAL NOTE |
| General note |
Includes bibliographical references and index. |
| 520 ## - SUMMARY, ETC. |
| Summary, etc |
"Nutrition Research: Concepts and Applications assists students in developing the skills necessary to become knowledgeable consumers of research, conduct and document research projects, and use research findings in the classroom and in supervised practice. Nutrition Research makes research articles approachable and understandable so students can feel confident reading and interpreting not just primary research, but also narrative and systematic reviews. In turn, this text also helps students understand and access practice guidelines to enable their participation in evidence-based nutrition and dietetics practice"-- |
| 650 #0 - SUBJECT ADDED ENTRY--TOPICAL TERM |
| Topical Term |
Nutrition -- Research. |
| 700 1# - ADDED ENTRY--PERSONAL NAME |
| Personal name |
Murphy-Reyes, Alison, |
| 700 1# - ADDED ENTRY--PERSONAL NAME |
| Personal name |
Goodell, L. Suzanne, |
| 700 1# - ADDED ENTRY--PERSONAL NAME |
| Personal name |
Stage, Virginia C., |
| 942 ## - ADDED ENTRY ELEMENTS (KOHA) |
| Koha item type |
Books |